Culture Générale - Série 2723 - Statistiques

Statistiques générales
  • Ce quiz a été pris 67 fois
  • Le résultat moyen est 6 sur 10
Statistiques - réponses
Question Réponse % Correct
Dans quel pays le Rhône prend-il sa source ? Suisse
97%
Qui était surnommé "L'incorruptible" sous la Révolution française de 1789 ? Robespierre
73%
Quel écrivain a été exilé de 1855 à 1870 dans l'île de Jersey, puis Guernesey ? prénom et nom Victor Hugo
73%
Comment a t'on appelé le génocide juif par les nazis ? shoah
67%
De quel pays est originaire le boulier (Cadre portant des tringles sur lesquelles sont enfilées des boules et qui sert à compter) ? Chine
65%
Sous quel nom connait-on mieux Vladimir Ilitch Oulianov ? Lenine
65%
Quel était le prénom du père de la psychanalyse (1856-1939) ? Sigmund
62%
A la fin du déluge comment s'appelle le mont sur lequel l'Arche de Noé s'est arrêtée ? Ararat
45%
Sous quel prénom et nom connait-on mieux le chanteur Robert Zimmerman ? Bob Dylan
27%
En patois, ce terme utilisé dans un roman biographique d'Hervé Bazin signifie "truie qui dévore ses petits" folcoche
23%
Aucun quiz correspondant
Distribution des résultats
% des personnes avec chaque résultat
Percentile par nombre de réponses
Votre historique - résultats
Vous n’avez pas pris ce quiz